| 000 | 01228cad a22002055a 4500 | ||
|---|---|---|---|
| 001 | L128512 | ||
| 008 | 050113e20050420xxk f 000 0 eng u | ||
| 020 | _a1842192167 | ||
| 035 | _a(Sirsi) u128512 | ||
| 041 | _aeng | ||
| 050 | 0 | 4 | _a333.33 $2 18 |
| 110 |
_aRoyal Institution of Chartered Surveyors _bFoundation _94173 |
||
| 245 | 0 | 2 |
_aA review of the practical uses of real property options _h[electronic resource] |
| 260 |
_aLondon _bRICS Foundation _c2005 |
||
| 520 | _aDiscusses options for vesting in property. Property research options are used in the early stages of design and planning. Real property options are among the earliest modelled real options, with now six primary practical uses: planning, investment timing, leasing, operations, funding and industry strategy. Discusses basic option theory and practice, applied to land conversion. Provides a selection of the real property models, which have been developed over the past twenty years, with graphical illustrations. | ||
| 651 | 4 |
_aUnited Kingdom _y |
|
| 690 | _aPROPERTY-PROPERTY APPRAISAL AND VALUATION- | ||
| 856 | 4 | 0 |
_uhttps://www.rics.org/site/scripts/download_info.aspx?downloadID=2140 _zView the item free of charge at www.rics.org... |
| 942 | _n0 | ||
| 999 |
_c103945 _d103945 |
||